| 000 | 00998 a2200217 4500 | ||
|---|---|---|---|
| 001 | 14105 | ||
| 005 | 20260407155446.0 | ||
| 008 | 260407a2003 arg spa d | ||
| 003 | AR-UNSa-BCEJYS | ||
| 040 |
_aAR-UNSa-BCEJYS _bspa _cAR-UNSa-BCEJYS |
||
| 080 |
_a35.086 _xResponsabilidad de los funcionarios |
||
| 245 | 1 | 0 | _aMecanismos de control público y argumentaciones de responsabilidad |
| 020 | _a950-569-185-8 | ||
| 264 | 1 |
_aBuenos Aires : _bAbaco _c2003 |
|
| 300 |
_a431 p. _c23 cm. |
||
| 505 | _a1. Esquema de la administración financiera - 2. El control público - 3. Los organismos de control - 4. Elementos vinculados con la responsabilidad de los funcionarios - 5. Responsabilidad patrimonial de los funcionarios públicos | ||
| 942 | _cBK | ||
| 590 | _aniveau_biblio:m niveau_hierar:0 | ||
| 100 | 1 | _aIvanega, Miriam Mabel | |
| 856 | 4 | 1 |
_uhttps://biblioeco.unsa.edu.ar/pmb/images/libros/Mecanismo de Control Publico y Argumentaciones de Responsabilidad.jpg _yImagen de portada _qimage/jpeg |
| 999 |
_c573 _d573 |
||